Mathematics for Finance : An Introduction to Financial Engineering /

Gardado en:
Detalles Bibliográficos
Autor Principal: Capinski, Marek (autor)
Outros autores: Zastawniak, Tomasz (autor) (autor)
Formato: Libro
Idioma:inglés
Publicado: Londres, Inglaterra : Springer, 2003, c2003
Series:(Springer Undergraduate Mathematics Series)
Temas:
Etiquetas: Engadir etiqueta
Sen Etiquetas, Sexa o primeiro en etiquetar este rexistro!

MARC

LEADER 00000nam^a2200000^a^4500
001 000165214
005 20250521000000.0
009 20260310101011.349
020 |a 1-85233-330-8 
037 |a Acervo ITESO - Biblioteca 
041 |a ING 
082 |a 332. 60151  |b CAP 
100 |a Capinski, Marek  |e (autor) 
245 1 0 |a Mathematics for Finance :  |b An Introduction to Financial Engineering / 
264 4 |a Londres, Inglaterra :  |b Springer,  |c 2003, c2003 
300 |a X, 310 p. 
336 |a texto  |b txt  |2 rdacontenido 
337 |a sin mediación  |b n  |2 rdamedio 
338 |a volumen  |b nc  |2 rdasoporte 
440 1 |a (Springer Undergraduate Mathematics Series) 
649 |a XX 
650 |a Inversiones 
650 |a Mercado 
650 |a Interés (Economía) 
650 |a Riesgo Económico 
650 |a Finanzas -  |x Modelos Matemáticos 
650 |a Modelos Matemáticos 
650 |a Matemáticas Financieras 
650 |a Ingeniería Económica 
650 |a Economía 
700 |a Zastawniak, Tomasz  |e (autor) 
910 |a Fondo General 
920 |a Impresos - Libros 
930 |a Colección General 
905 |a 101 
901 |a 0500099434  |b IT1  |c ACC  |u 20250521 
901 |a 0500102034  |b IT1  |c ACC  |u 20250521 
902 |a https://opac.biblio.iteso.mx/vufind/Record/000165214